[Event "Revelionul Mileniului rapid"]
[Site "Revelionul"]
[Date "2000.??.??"]
[Round "?"]
[White "Barzanu, Iulian"]
[Black "Mateuta, Laurentiu"]
[Result "1/2-1/2"]
[WhiteElo "2115"]
[BlackElo "1700"]
[PlyCount "98"]
[EventDate "2000.??.??"]
[EventType "swiss"]
[EventRounds "7"]
[EventCountry "ROU"]
[SourceTitle "EXT 2004"]
[Source "ChessBase"]
[SourceDate "2003.11.25"]
[SourceVersion "1"]
[SourceVersionDate "2003.11.25"]
[SourceQuality "1"]

1. e4 e6 2. d4 d5 3. Nd2 c5 4. Ngf3 cxd4 5. exd5 Qxd5 6. Bc4 Qd6 7. 0-0 Nf6 8. Nb3 Nc6 9. Nbxd4 Nxd4 10. Qxd4 Qxd4 11. Nxd4 a6 12. h3 b5 13. Be2 Bb7 14. Bg5 Bd6 15. Rfd1 Rd8 16. Bf3 Bxf3 17. Nxf3 h6 18. Bd2 0-0 19. Ba5 Rd7 20. Rd3 Nd5 21. Rad1 Rc8 22. c3 Rb7 23. a3 Bc7 24. Bxc7 Rbxc7 25. Kf1 Kf8 26. Ke1 Ke7 27. g3 a5 28. Nd4 Rb8 29. Nf5+ Kf8 30. Ne3 Nxe3 31. Rxe3 b4 32. axb4 axb4 33. cxb4 Rxb4 34. Re2 Ke7 35. Rdd2 Rc1+ 36. Rd1 Rc7 37. Rdd2 h5 38. h4 f6 39. Rc2 Ra7 40. Red2 e5 41. Ke2 Ke6 42. Kf3 Kf5 43. Kg2 g5 44. hxg5 fxg5 45. Rd8 Rf7 46. Rdd2 h4 47. gxh4 gxh4 48. Rc3 e4 49. Re3 Kf4 1/2-1/2